Journal of Irish Studies

Bibliografiske detaljer
Format: Electronisk Tidsskrift
Sprog:English
Udgivet: IASIL-JAPAN
Fag:
Online adgang:Full text available on JSTOR[2001-01-01 - 2021-10-01]
Off-campus access
LEADER 00969cas a2200205 a 4500
001 AALejournalJSTOR001079
008 230228c9999 xx r poo 0 0eng d
022 |a 1346-7700 
040 |a BD-DhAAL  |c BD-DhAAL 
245 0 0 |h [electronic resource]  |a Journal of Irish Studies 
260 |b IASIL-JAPAN 
300 |a 1 online resource 
362 0 |a Vol. 16 
500 |a <strong>Off-Campus Access:</strong> Athens ID and Password Required 
500 |a <strong>On-Campus Access:</strong> No User ID or Password Required 
506 |a Electronic access restricted to authorized BRAC University faculty, staff and students 
538 |a Mode of access: Internet 
650 4 |a Area Studies ; Humanities ; Irish Studies ; Language & Literature 
856 4 0 |z Full text available on JSTOR[2001-01-01 - 2021-10-01]  |u https://www.jstor.org/journal/jirishstud 
856 4 0 |z Off-campus access  |u https://go.openathens.net/redirector/bracu.ac.bd?url=https%3A%2F%2Fwww.jstor.org%2Fjournal%2Fjirishstud